000 00691nam a2200289Ia 4500
005 20260324150843.0
008 008 260324s9999 xx 000 0 eng d
020 _a9781315775432
037 _aEBOOK
040 _aCRL
040 _beng
040 _cCRL
041 _2eng
041 _aeng
084 _qCRL
100 _aMax Beer; W. H. Johnston
_91227851
245 4 _aThe League on Trial (Routledge Revivals)
245 2 _bA Journey to Geneva
260 _bTaylor and Francis
260 _c1933
365 _a
365 _b82.99
856 _uhttp://www.taylorfrancis.com/books/9781315775432
942 _cEBOOK
999 _c1838028
_d1838028